Word Ladder: Game Show Hosts Quiz Stats

 Plays Quiz Updated Dec 11, 2017

Challenge
Share
Tweet
Embed
Score 0/40 Timer 06:00
1 Play Today
Clue 4-Letter Word % Correct
Show some muscleFLEX
96.5%
• 'Jeopardy!' host Trebek •• ALEX •
95.7%
Graduation month, oftenJUNE
92.3%
Hightailed itFLED
90%
Do the catering forFEED
88.2%
End-of-class soundBELL
85.1%
• 'Hollywood Game Night' host Lynch •• JANE •
85.1%
Part of an oil lampWICK
84.3%
• 'The $25,000 Pyramid' host Clark •• DICK •
83.8%
DittyTUNE
80.9%
Two-time 'Sexiest Man Alive' RichardGERE
80.8%
Number of MusesNINE
79.6%
• 'Tic Tac Dough' host Martindale •• WINK •
78.8%
Illegal pitching motionBALK
76.7%
Answering machine soundTONE
76.6%
Reverse sideBACK
75.3%
Hit hardBELT
74.7%
• 'Match Game' host Rayburn •• GENE •
74.7%
What oenophiles enjoyWINE
74.5%
Hans Christian Andersen, for oneDANE
73.7%
Clue 4-Letter Word % Correct
• 'Blockbusters' host Cullen •• BILL •
72.5%
The first James Bond movie (2 wds.)DR. NO
72.2%
Part of A.D.ANNO
69.4%
Cold and clammyDANK
69.3%
• 'The Weakest Link' host Robinson •• ANNE •
69.2%
DefraudBILK
69.1%
Word after 'pigeon' or 'steel'TOED
68.8%
State bird of HawaiiNENE
68.8%
Drop shot, in tennisDINK
68%
• 'Tattletales' host Convy •• BERT •
67.6%
Prepared for a driveTEED
67.5%
Lewis Carroll birdDODO
65.4%
Florence's riverARNO
64.5%
'Goldfinger' actor FrobeGERT
64.2%
Tip-top (hyph.)A-ONE
64.1%
Big fuss (hyph.)TO-DO
63.5%
• 'Whammy' host Newton •• TODD •
62.3%
Cartoon snorkasaurusDINO
59.2%
• 'The Joker's Wild' host Barry •• JACK •
54.8%
Lover of AeneasDIDO
54%

Today's Daily Dose

You're not logged in!

Compare scores with friends on all Sporcle quizzes.
OR
Log In

You Might Also Like...

Show Comments

Extras

Top Quizzes Today


Score Distribution

Your Account Isn't Verified!

In order to create a playlist on Sporcle, you need to verify the email address you used during registration. Go to your Sporcle Settings to finish the process.

Report this User

Report this user for behavior that violates our Community Guidelines.

Details: